Hỏi đáp về thị trường chứng khoán /

Uloženo v:
Podrobná bibliografie
Hlavní autor: Đặng Quang Gia
Médium: Sách giấy
Jazyk:Vietnamese
Vydáno: Hà Nội : Thống kê , 2000
Tagy: Přidat tag
Žádné tagy, Buďte první, kdo otaguje tento záznam!
Thư viện lưu trữ: Thư viện Trường Đại học Đà Lạt
LEADER 00574nam a2200241 4500
001 DLU020017470
005 ##3/28/2001
020 # # |a 978- 
041 # # |a vie 
082 # # |a 332.642  |b DA-G 
100 # # |a Đặng Quang Gia 
245 # # |a Hỏi đáp về thị trường chứng khoán /  |c Đặng Quang Gia 
260 # # |a Hà Nội :  |b Thống kê ,  |c 2000 
300 # # |a 400 tr.;   |c 20 cm. 
992 # # |a 35000 
994 # # |a DLU 
900 # # |a False 
911 # # |a Administrator 
925 # # |a G 
926 # # |a A 
927 # # |a SH 
980 # # |a Thư viện Trường Đại học Đà Lạt